Представление документа в формате MARC21

Поле Инд. ПП Название Значение
Тип записи a
Библиографический уровень m
001 Контрольный номер RU/IS/BASE/164290944
005 Дата корректировки 20250910230304.5
008 Кодируемые данные 20050316
020 a ISBN 5-89239-028-4
084 a Индекс другой классификации/Индекс ББК 57.336.1я7-3; 74.35я7-3; 88.481я7-3; 88.490я7-3
090 a Полочн. индекс 57.336.1я7-3
x Авторский знак Д 386
245 10 a Заглавие Детский аутизм
b Продолж. заглавия хрестоматия: учебное пособие для высших и средних педагогических, психологических и медицинских учебных заведений
c Ответственность Институт специальной педагогики и психологии; Международный университет семьи и ребенка им. Рауля Валленберга; составитель Л. М. Шипицына
250 a Основные сведения об издании 2-е изд., перераб. и доп.
260 a Место издания Санкт-Петербург
b Издательство Дидактика Плюс
c Дата издания 2001
300 a Объем 368 с.
336 a Термин вида содержания Текст
337 a Термин типа средства непосредственный
504 a Библиография Лит.: с. 366
505 0_ a Форматированное содержание Аутизм как нарушение развития
b Автор Гилберг К.
b Автор Питерс Т.
505 0_ a Форматированное содержание Аутизм от теоретического понимания к педагогическому воздействию
b Автор Питерс Т.
505 0_ a Форматированное содержание Аутистические синдромы у детей и подростков: механизмы расстройств поведения
b Автор Исаев Д. Н.
b Автор Каган В. Е.
505 0_ a Форматированное содержание Гиперселективность людей, страдающих аутизмом
b Автор Клерк Х. де
505 0_ a Форматированное содержание Диагностическая карта
b Автор Лебединская К. С.
b Автор Никольская О. С.
505 0_ a Форматированное содержание Игра как средство коррекции аутистического поведения у детей
b Автор Спиваковская А. С.
505 0_ a Форматированное содержание Использование поведенческой терапии аутичных детей для формирования навыков бытовой адаптации
b Автор Веденина М. Ю.
505 0_ a Форматированное содержание К особенностям коррекции речевых расстройств у больных с ранним детским аутизмом
b Автор Башина В. М.
b Автор Симашкова Н. В.
505 0_ a Форматированное содержание К проблеме аутизма
b Автор Кревелен В.
505 0_ a Форматированное содержание Классификация психического дизонтогенеза
b Автор Лебединский В. В.
505 0_ a Форматированное содержание Клинико-психологическая классификация
b Автор Лебединская К. С.
b Автор Никольская О. С.
505 0_ a Форматированное содержание Клуб подростков и взрослых с последствиями раннего детского аутизма
b Автор Костин И. А.
505 0_ a Форматированное содержание Лечение атипичного аутизма при синдроме Мартин-Белл
b Автор Скворцов И. А.
b Автор Башина В. М.
b Автор Нефедова И. В.
505 0_ a Форматированное содержание Медикаметозная терапия раннего детского аутизма
b Автор Лебединская К. С.
505 0_ a Форматированное содержание Необходимы общие усилия
b Автор Лебединская К. С.
b Автор Никольская О. С.
b Автор Баенская Е. Р.
505 0_ a Форматированное содержание О коорекционной помощи аутичному ребенку раннего возраста
b Автор Баенская Е. Р.
505 0_ a Форматированное содержание О синдроме "ранного детского аутизма", или синдроме Каннера у детей
b Автор Мнухин С. С.
b Автор Зеленецкая А. Е.
b Автор Исаев Д. Н.
505 0_ a Форматированное содержание Об органической основе некоторых форм шизоидных или аутистических психопатий
b Автор Мнухин С. С.
b Автор Исаев Д. Н.
505 0_ a Форматированное содержание Обязательное обучение учеников с аутизмом в Бельгии
b Автор Питерс Т.
505 0_ a Форматированное содержание Организация перцептивной информации у подростков и юношей, страдающих аутизмом
b Автор Костин Ж. А.
505 0_ a Форматированное содержание Организация помощи и поддержки детям с аутизмом в Швеции
b Автор Кесарев Е. Д.
505 0_ a Форматированное содержание Подготовка к обучению детей с ранним детским аутизмом
b Автор Либлинг М. М.
505 0_ a Форматированное содержание Проблемы обучения аутичных детей
b Автор Никольская О. С.
505 0_ a Форматированное содержание Психическое развитие детей с синдромом аутизма
b Автор Спиваковская А. С.
505 0_ a Форматированное содержание Психогенетические исследования аутизма
b Автор Григоренко Е. Л.
b Автор Паулз Д. Л.
505 0_ a Форматированное содержание Развитие детей с разным уровнем аутизма
b Автор Никольская О. С.
b Автор Баенская Е. Р.
b Автор Либлинг М. М.
505 0_ a Форматированное содержание Ранний детский аутизм
b Автор Башина В. М.
505 0_ a Форматированное содержание Ранний детский аутизм
b Автор Лебединская К. С.
505 0_ a Форматированное содержание Социальная реабилитация детей с аутизмом
b Автор Шипицына Л. М.
b Автор Первова И. Л.
505 0_ a Форматированное содержание Спорные вопросы диагностики раннего детского аутизма
b Автор Иванов Е. С.
505 0_ a Форматированное содержание Холдинг-терапия как форма психической помощи семье, имеющей аутичного ребенка
b Автор Либлинг М. М.
650 04 a Основная рубрика клиническая медицина
a Основная рубрика медицина
a Основная рубрика педиатрия
653 0_ a Ключевые слова аномальные дети
a Ключевые слова аутизм
a Ключевые слова дети
a Ключевые слова детский аутизм
a Ключевые слова игры
a Ключевые слова классификации
a Ключевые слова коррекционная педагогика (специальная педагогика)
a Ключевые слова коррекция
a Ключевые слова медицинская диагностика
a Ключевые слова медицинская психология
a Ключевые слова методы терапии
a Ключевые слова нарушение общения
a Ключевые слова образование
a Ключевые слова патогенез
a Ключевые слова патология
a Ключевые слова педагогика
a Ключевые слова психические заболевания
a Ключевые слова психическое развитие
a Ключевые слова психологическая помощь
a Ключевые слова психология
a Ключевые слова ранний детский аутизм (РДА)
a Ключевые слова реабилитация
a Ключевые слова синдром Мартина-Белл
a Ключевые слова социальная реабилитация
a Ключевые слова терапия
a Ключевые слова холдинг-терапия
a Ключевые слова этиология
655 a Жанр/ форма (устаревшее) учебное пособие; хрестоматия
700 12 a Автор Шипицына Л. М.
e Роль лиц составитель
q Полное имя Шипицына Людмила Михайловна
700 12 a Автор Лебединский В. В.
700 12 a Автор Кревелен В.
q Полное имя Кревелен Ван
700 12 a Автор Мнухин С. С.
700 12 a Автор Зеленецкая А. Е.
700 12 a Автор Исаев Д. Н.
700 12 a Автор Каган В. Е.
700 12 a Автор Иванов Е. С.
700 12 a Автор Григоренко Е. Л.
700 12 a Автор Паулз Д. Л.
700 12 a Автор Скворцов И. А.
700 12 a Автор Нефедова И. В.
700 12 a Автор Никольская О. С.
700 12 a Автор Лебединская К. С.
700 12 a Автор Башина В. М.
700 12 a Автор Баенская Е. Р.
700 12 a Автор Либлинг М. М.
700 12 a Автор Спиваковская А. С.
700 12 a Автор Костин Ж. А.
700 12 a Автор Веденина М. Ю.
700 12 a Автор Симашкова Н. В.
700 12 a Автор Костин И. А.
700 12 a Автор Первова И. Л.
700 12 a Автор Кесарев Е. Д.
700 12 a Автор Питерс Т.
700 12 a Автор Гилберг К.
700 12 a Автор Клерк Х. де
q Полное имя Клерк Хильда де
901 t Тип документа m
952 a Тип литературы для КСУ ВШ УИ